Normal view
MARC view
- Muhammad Awais
Entry Personal Name
001 - CONTROL NUMBER
- control field: 51909
003 - CONTROL NUMBER IDENTIFIER
- control field: NUST
005 - DATE AND TIME OF LATEST TRANSACTION
- control field: 20210314135107.0
008 - FIXED-LENGTH DATA ELEMENTS
- fixed length control field: 210314|| aca||aabn | a|a d
040 ## - CATALOGING SOURCE
- Original cataloging agency: NUST
- Transcribing agency: NUST
100 ## - HEADING--PERSONAL NAME
- Personal name: Muhammad Awais
670 ## - SOURCE DATA FOUND
- Source citation: Work cat.: (NUST): Jaffar, Muhammad Hassnain 51905, Cost-Benefit Analysis of Large Dams in Pakistan, 2020.
